Japan : Dynamic force in the Industrial world

Bewaard in:
Bibliografische gegevens
Formaat: Boek
Taal:Undetermined
Gepubliceerd in: Switzerland Union Bank of Switzerland 1972
Onderwerpen:
Tags: Voeg label toe
Geen labels, Wees de eerste die dit record labelt!
Thư viện lưu trữ: Trung tâm Học liệu Trường Đại học Cần Thơ
LEADER 00455nam a2200169Ia 4500
001 CTU_96729
008 210402s9999 xx 000 0 und d
082 |a 605 
082 |b J35 
245 0 |a Japan : 
245 0 |b Dynamic force in the Industrial world 
260 |a Switzerland 
260 |b Union Bank of Switzerland 
260 |c 1972 
650 |a Industrial arts 
904 |i Trọng Hải 
980 |a Trung tâm Học liệu Trường Đại học Cần Thơ